Every Song by Currents - Statistics

General Stats
  • This quiz has been taken 4 times
  • The average score is 32 of 55
Answer Stats
Album Song % Correct
The Way It Ends(2020) Better Days
100%
The Death We Seek(2023) The Death We Seek
100%
The Place I Feel Safest(2017) The Place I Feel Safest
100%
The Way It Ends(2020) A Flag to Wave
75%
The Place I Feel Safest(2017) Another Life
75%
The Place I Feel Safest(2017) Apnea
75%
I Let the Devil In(2018) Feel the Same
75%
The Place I Feel Safest(2017) Forget Me
75%
I Let the Devil In(2018) Into Despair
75%
The Way It Ends(2020) Kill the Ache
75%
The Death We Seek(2023) Living in Tragedy
75%
The Way It Ends(2020) Monsters
75%
I Let the Devil In(2018) My Disguise
75%
The Way It Ends(2020) Never There
75%
The Place I Feel Safest(2017) Night Terrors
75%
The Death We Seek(2023) Remember Me
75%
The Place I Feel Safest(2017) Shattered
75%
The Place I Feel Safest(2017) Silence
75%
The Death We Seek(2023) So Alone
75%
The Way It Ends(2020) Split
75%
I Let the Devil In(2018) The Rope
75%
The Place I Feel Safest(2017) Tremor
75%
The Death We Seek(2023) Vengeance
75%
Victimized(2013) Victimized
75%
The Place I Feel Safest(2017) Withered
75%
The Place I Feel Safest(2017) Best Memory
50%
The Death We Seek(2023) Beyond This Road
50%
The Place I Feel Safest(2017) Delusion
50%
The Place I Feel Safest(2017) Dreamer
50%
I Let the Devil In(2018) Forever Marked
50%
The Death We Seek(2023) Gone Astray
50%
The Death We Seek(2023) Guide Us Home
50%
Victimized(2013) Hanging By a Thread
50%
The Way It Ends(2020) How I Fall Apart
50%
The Place I Feel Safest(2017) I'm Not Waiting
50%
The Way It Ends(2020) Let Me Leave
50%
Life // Lost(2015) Life // Lost
50%
The Way It Ends(2020) Origin
50%
The Death We Seek(2023) Over and Over
50%
The Way It Ends(2020) Poverty of Self
50%
Life // Lost(2015) Rose
50%
The Way It Ends(2020) Second Skin
50%
The Death We Seek(2023) Unfamiliar
50%
Victimized(2013) A Confession
25%
Non-Album(2012) Anneliese
25%
Life // Lost(2015) Anxiety
25%
Life // Lost(2015) Derelict
25%
Life // Lost(2015) Euphoria
25%
Life // Lost(2015) Heathen
25%
Non-Album(2011) King of Catastrophe
25%
Victimized(2013) My Promise Kept
25%
Life // Lost(2015) Sleep Paralysis
25%
Non-Album(2012) Solace
25%
Victimized(2013) Solace
25%
Life // Lost(2015) Stillborn
25%
No matching quizzes found
Score Distribution
Percent of People with Each Score
Percentile by Number Answered
Your Score History
You have not taken this quiz